00553nam a2200181 a 4500003000500000005001700005008004100022020001500063050002200078082002600100100001900126245006100145250001200206260006700218300004000285650002500325700002100350PILC20150112093431.0100719s19uu xx 00 eng d a0340496533 aTX 943b.K56 1984 aHSF 647.47 bK62 1989 aKinton, Ronald aThe theory of catering /cRonald Kinton, Victor Ceserani a5th ed. aBedford Square, London :bEdward Arnold Publishers Ltd,c1984. a451 pages :billustration ;c21 cm. aCaterer and catering aCesarani, Victor